| 000 | 01265cam a2200325 4500 | ||
|---|---|---|---|
| 008 | 030203n2003 000 0 eng u | ||
| 020 | _a0110473744 | ||
| 035 | _a(Sirsi) u128648 | ||
| 041 | _aeng | ||
| 245 | _aEnterprise Act 2002 (Insolvency) Order 2003 | ||
| 260 |
_aLondon _bHMSO _c2003 |
||
| 490 |
_aSI _v2003: 2096 |
||
| 520 | _aThis Order makes minor amendments to provisions of the Enterprise Act 2002. It also makes amendments to both primary and secondary legislation consequent upon the changes made by the Enterprise Act 2002 to the Insolvency Act 1986. See Explanatory Note for further details. View at www.legislation.hmso.gov.uk. | ||
| 590 | _aCLR | ||
| 650 | _aENTERPRISE ACT 2002 | ||
| 650 | _aINSOLVENCY ACT 1986 | ||
| 650 | _aENTERPRISE ACT 2002 (INSOLVENCY) ORDER 2003 | ||
| 650 | _aLIQUIDATION | ||
| 650 | _aCORPORATE INSOLVENCY | ||
| 650 | _aINSOLVENCIES | ||
| 650 | _aCREDIT CONTROL | ||
| 650 | _aBAD DEBTS | ||
| 650 | _aFINANCIAL CONTROL | ||
| 650 | _aCONTINGENT LIABILITIES | ||
| 650 | _aFINANCIAL FORECASTS | ||
| 650 | _aSMALL BUSINESSES | ||
| 690 | _aMANAGEMENT-BUSINESS MANAGEMENT | ||
| 856 |
_uhttps://www.legislation.hmso.gov.uk/si/si2003/20032096.htm _zView the Order on the HMSO website... |
||
| 942 | _n0 | ||
| 999 |
_c103969 _d103969 |
||